000 00436 a2200109 4500
001 ART_30533
005 20260410162002.0
008 260409a
245 1 0 _aConsideraciones académicas respecto a la normativa contable resuelta por Resolución Nº 25 del Secretario de Hacienda de la Nación Argentina
100 1 _aGarcía Casella, Carlos Luis
773 0 _tForo económico
_g- Año II, Nº 2 (mar. 1996)
_wREV30369
999 _c31404
_d31404